| 000 | 00572nam a2200169 4500 | ||
|---|---|---|---|
| 999 |
_c4337 _d4337 |
||
| 008 | 160905b xxu||||| |||| 00| 0 eng d | ||
| 022 | _a2094-8042 | ||
| 082 | _aDPer 370.105 M72 Jan-Dec 2012 v. 60-61 | ||
| 100 |
_914103 _aHoggang, Zenaida M. |
||
| 243 | _aThe modern teacher | ||
| 245 |
_aThe importance of using the mother tongue/ _cZenaida M. Hoggang. |
||
| 260 |
_aPhilippines: _bIn the Grade School, Inc., _c©2012. |
||
| 300 |
_av61 n3, pages 84-85; _c28 cm. |
||
| 500 | _aThe Modern Teacher. | ||
| 650 | 0 |
_914104 _aEducation _xBilingual |
|
| 942 |
_2ddc _cPER |
||